Music Quiz

Random Music or Album Quiz
Score 0/13 Timer 04:00
0 Plays Today
Picture Album % Correct
8Abbey Road
95.2%
10Yellow Submarine
90.8%
12The Beatles
85.7%
11Help!
85.4%
2Sgt. Pepper's Lonely Hearts Club Band
84.1%
3Let It Be
83.8%
6Revolver
82.3%
5Rubber Soul
79.5%
13Magical Mystery Tour
77.8%
1With The Beatles
71.6%
7A Hard Day's Night
63.2%
9Please, Please Me
51.3%
4Beatles For Sale
45.2%

You're not logged in!

Compare scores with friends on all Sporcle quizzes.
OR
Log In

Sporcle TV

Today on Sporcle TV


Watch our educational content, quiz creation guides, and fun videos on Sporcle TV.

Show Comments

Extras

Top Quizzes Today


Score Distribution

Paid Content

Your Account Isn't Verified!

In order to create a playlist on Sporcle, you need to verify the email address you used during registration. Go to your Sporcle Settings to finish the process.

Report this User

Report this user for behavior that violates our Community Guidelines.

Details: